Human physiology

সংরক্ষণ করুন:
গ্রন্থ-পঞ্জীর বিবরন
প্রধান লেখক: Fox, Stuart Ira
বিন্যাস: গ্রন্থ
ভাষা:Undetermined
প্রকাশিত: Boston McGraw-Hill 2006
বিষয়গুলি:
ট্যাগগুলো: ট্যাগ যুক্ত করুন
কোনো ট্যাগ নেই, প্রথমজন হিসাবে ট্যাগ করুন!
Thư viện lưu trữ: Trung tâm Học liệu Trường Đại học Cần Thơ
LEADER 00559nam a2200217Ia 4500
001 CTU_100631
008 210402s9999 xx 000 0 und d
020 |c 959000 
082 |a 612 
082 |b F791 
100 |a Fox, Stuart Ira 
245 0 |a Human physiology 
245 0 |c Stuart Ira Fox 
260 |a Boston 
260 |b McGraw-Hill 
260 |c 2006 
526 |a Sinh lý người và động vật 
526 |b SP417 
650 |a Human physiology 
904 |i Tuyến 
980 |a Trung tâm Học liệu Trường Đại học Cần Thơ